Least Landlocked U.S. States - Statistics

General Stats
  • This quiz has been taken 35 times
  • The average score is 8 of 10
Answer Stats
% Non-landlocked Counties Answer % Correct
52% Florida
100%
100% Hawaii
100%
82% Alaska
94%
100% Rhode Island
87%
100% Delaware
84%
50% Maine
81%
65% Maryland
77%
57% Massachusetts
77%
52% New Jersey
74%
50% Connecticut
71%
No matching quizzes found
Score Distribution
Percent of People with Each Score
Percentile by Number Answered
Your Score History
You have not taken this quiz